| 000 | 00562nam a2200241Ia 4500 | ||
|---|---|---|---|
| 008 | 181129s9999 xx 000 0 und d | ||
| 020 | _a0439318831 | ||
| 050 | _bT124 2001 | ||
| 100 | _aTafuri, Nancy | ||
| 245 | 0 | _aSilly little goose! / | |
| 245 | 0 | _cby Nancy Tafuri. | |
| 260 | _aNew York, NY : | ||
| 260 | _bScholastic, | ||
| 260 | _c2001 | ||
| 300 | _aunpaged : | ||
| 300 | _bcolor illustrations ; | ||
| 300 | _c25cm. | ||
| 500 | _a260L | ||
| 650 | _aDomestic animals. | ||
| 650 | _aGeese. | ||
| 650 | _aNest building. | ||
| 700 | _aTitle. | ||
| 999 |
_c359978 _d359978 |
||